| 000 | 00744cam a22002653a 4500 | ||
|---|---|---|---|
| 001 | 5781 | ||
| 003 | PGUSA | ||
| 005 | 20140828083124.0 | ||
| 008 | 040501s2004||||xxu|||||s|||||000 1 eng d | ||
| 040 |
_aPGUSA _beng |
||
| 042 | _adc | ||
| 050 | 4 | _aPQ | |
| 100 | 1 |
_aAlain-Fournier, _d1886-1914 |
|
| 245 | 1 | 0 |
_aLe Grand Meaulnes _h[electronic resource] / _cAlain-Fournier |
| 260 |
_bProject Gutenberg, _c2004 |
||
| 506 | _aPublic domain in the USA. | ||
| 516 | _aElectronic text | ||
| 653 | _aFrench fiction -- 20th century | ||
| 653 | _aFrance -- Fiction | ||
| 653 | _aFirst loves -- Fiction | ||
| 653 | _aTeenage boys -- Fiction | ||
| 830 | 0 |
_aProject Gutenberg _v5781 |
|
| 856 | 4 | 0 | _uhttp://www.gutenberg.org/ebooks/5781 |
| 942 | _cEB | ||
| 999 |
_c235109 _d235109 |
||